01309cam a2200337 a 4500001000500000005001700005008004100022020002400063040002300087050002200110082001400132100001800146245011600164260003500280300003900315490005500354500003200409500003100441505000800472520020000480521002000680521002000700650002600720650001900746650002900765650005700794655003000851655003000881700002800911700003200939107420230815161055.0930609s1992 nyua j 000 1 eng  a059045854X (pbk.) : aDLCcDLCdDLCbeng00aPZ7.D128bGh 199200a[Fic]2201 aDadey, Debbie10aGhosts don't eat potato chips /cby Debbie Dadey and Marcia Thornton Jones ; illustrated by John Steven Gurney. aNew York :bScholastic,c1992. a67 pages :billustrations ;c20 cm1 aThe adventures of the Bailey School kids ;vBook 5 a"A Little Apple paperback." a"RL3 007-010"--Cover p. 4. aP  aFor use in schools and libraries only. There are some pretty weird grown-ups living in Bailey City--and a lot of strange happenings. The Bailey School Kids take it upon themselves to investigate. a640 bLexile  aP bRaz-Plus  0aGreat-auntsvFiction. 0aGhost stories. 0aHaunted housesvFiction. 0aBailey School Kids (Fictitious characters)vFiction. 7aAdventure fiction.2gsafd 7aChildren's stories.2lcsh1 aJones, Marcia Thornton.1 aGurney, John Steven,d1962-